| 000 | 01319nam a2200253Ia 4500 | ||
|---|---|---|---|
| 999 |
_c41019 _d41019 |
||
| 001 | 7668 | ||
| 003 | GE_BSU | ||
| 005 | 20220921114911.0 | ||
| 008 | 181216s2011ge xx |||||||||||||| ||geo|| | ||
| 020 | _a9789941038921. | ||
| 041 | _ageo | ||
| 080 | _a336.22(075.8) + 336.221(075.8) კ-74 | ||
| 100 |
_aკოპალეიშვილი,თეიმურაზ, _914656 |
||
| 245 |
_aგადასახადები და დაბეგვრა : _bდამხმ.სახელმძღვ.უმაღლ.სასწ.ეკონ.და ბიზნ.პროფ.სტუდ. / _c თეიმურაზ კოპალეიშვილი, მიხეილ ჩიკვილაძე, რედ. ირაკლი კოვზანაძე |
||
| 250 | _aI-ლი გამოც. | ||
| 264 |
_aთბილისი: _bშპს ფავორიტი პრინტი, _c2011. |
||
| 300 |
_a340 გვ,: _bსურ ; _c22 სმ. |
||
| 504 | _aბიბლიოგრ.: გვ. 334-336. | ||
| 653 | _aგადასახადები; | ||
| 653 | _a დაბეგვრა; | ||
| 700 |
_a ჩიკვილაძე, მიხეილ _914657 |
||
| 700 |
_aკოვზანაძე, ირაკლი _eრედაქტორი _914658 |
||
| 942 |
_cBK _2udc |
||